| 000 | 00549nam a2200241Ia 4500 | ||
|---|---|---|---|
| 008 | 210210b1965 xxu||||| |||| 00| 0 eng d | ||
| 041 | _aeng | ||
| 082 | _a386/36 | ||
| 100 | _aJHABVALA (Noshirvan H) | ||
| 245 | _aElements of constitutional law Ed 8 | ||
| 250 | _a | ||
| 260 |
_aBombay _bC Jamnadas & Co. _c1965 |
||
| 300 | _a192 | ||
| 650 | _alaw | ||
| 650 | _aIndia | ||
| 650 | _aElements | ||
| 650 | _aEd | ||
| 650 | _aconstitutional | ||
| 650 | _aConstitution | ||
| 650 | _a8 | ||
| 690 | _aConstitutional Law | ||
| 906 | _a005588 | ||
| 999 |
_c125737 _d125737 |
||